[Event "45th FIDE Chess Olympiad Open"]
[Site "Budapest, Hungary"]
[Date "2024.09.20"]
[Round "9"]
[White "Romanov, Evgeny"]
[Black "Grandelius, Nils"]
[Result "1-0"]
[Board "89"]
[WhiteFideId "4148843"]
[BlackFideId "1710400"]
[WhiteTitle "GM"]
[BlackTitle "GM"]
[WhiteElo "2567"]
[BlackElo "2653"]
[WhiteTeam "North Macedonia"]
[BlackTeam "Sweden"]
[WhiteClock "0:01:47"]
[BlackClock "0:01:33"]
[Variant "Standard"]

1. d4 {[%clk 1:29:39]}  d5 {[%clk 1:30:35]} 2. c4 {[%clk 1:29:59]}  c6 {[%clk 1:30:57]} 3. cxd5 {[%clk 1:30:05]}  cxd5 {[%clk 1:31:21]} 4. Bf4 {[%clk 1:30:30]}  Nf6 {[%clk 1:31:03]} 5. e3 {[%clk 1:30:08]}  Nc6 {[%clk 1:31:20]} 6. Bb5 {[%clk 1:30:19]}  Bd7 {[%clk 1:31:07]} 7. Nc3 {[%clk 1:26:49]}  a6 {[%clk 1:30:20]} 8. Bd3 {[%clk 1:27:10]}  Bg4 {[%clk 1:30:40]} 9. Nge2 {[%clk 1:27:19]}  e6 {[%clk 1:30:32]} 10. O-O {[%clk 1:27:20]}  Bd6 {[%clk 1:29:28]} 11. f3 {[%clk 1:25:59]}  Bh5 {[%clk 1:29:17]} 12. Rc1 {[%clk 1:25:59]}  Bg6 {[%clk 1:25:01]} 13. Na4 {[%clk 1:25:14]}  Bxd3 {[%clk 1:07:22]} 14. Qxd3 {[%clk 1:25:33]}  Bxf4 {[%clk 1:07:39]} 15. Nxf4 {[%clk 1:25:54]}  O-O {[%clk 1:06:51]} 16. Nc5 {[%clk 1:24:01]}  Qe7 {[%clk 1:04:32]} 17. Qd2 {[%clk 1:23:55]}  Rfd8 {[%clk 0:32:17]} 18. Nfd3 {[%clk 1:21:11]}  Ne8 {[%clk 0:32:41]} 19. Na4 {[%clk 1:01:30]}  Nd6 {[%clk 0:21:16]} 20. Nb6 {[%clk 0:58:15]}  Rab8 {[%clk 0:21:44]} 21. a4 {[%clk 0:52:22]}  Nc8 {[%clk 0:16:37]} 22. Nxc8 {[%clk 0:49:29]}  Rbxc8 {[%clk 0:17:05]} 23. b4 {[%clk 0:49:50]}  Nb8 {[%clk 0:15:45]} 24. a5 {[%clk 0:46:10]}  Qe8 {[%clk 0:12:55]} 25. Rc5 {[%clk 0:35:26]}  Rxc5 {[%clk 0:13:12]} 26. bxc5 {[%clk 0:29:17]}  Qb5 {[%clk 0:13:07]} 27. f4 {[%clk 0:28:59]}  Nc6 {[%clk 0:12:33]} 28. Ra1 {[%clk 0:29:22]}  f6 {[%clk 0:11:34]} 29. h3 {[%clk 0:28:28]}  Re8 {[%clk 0:06:53]} 30. Qc3 {[%clk 0:23:05]}  Re7 {[%clk 0:05:52]} 31. Ra3 {[%clk 0:22:37]}  h6 {[%clk 0:02:50]} 32. Kh2 {[%clk 0:22:48]}  Kh8 {[%clk 0:02:28]} 33. Qa1 {[%clk 0:22:15]}  Kg8 {[%clk 0:01:48]} 34. Qc3 {[%clk 0:17:12]}  Kh8 {[%clk 0:01:36]} 35. Qd2 {[%clk 0:10:17]}  Kg8 {[%clk 0:01:24]} 36. f5 {[%clk 0:06:26]}  e5 {[%clk 0:01:15]} 37. dxe5 {[%clk 0:04:28]}  Nxe5 {[%clk 0:01:17]} 38. Nf4 {[%clk 0:04:28]}  Rd7 {[%clk 0:00:40]} 39. Qd4 {[%clk 0:02:29]}  Qb1 {[%clk 0:00:44]} 40. Nxd5 {[%clk 0:01:18]}  Qc2 {[%clk 0:00:44]} 41. e4 {[%clk 0:00:38]}  Kh8 {[%clk 0:23:57]} 42. Rg3 {[%clk 0:26:59]}  Qe2 {[%clk 0:22:06]} 43. Qb4 {[%clk 0:25:06]}  Qc4 {[%clk 0:14:46]} 44. Qa3 {[%clk 0:18:27]}  Rf7 {[%clk 0:10:52]} 45. Qe3 {[%clk 0:17:54]}  Qa4 {[%clk 0:09:47]} 46. Nf4 {[%clk 0:14:32]}  Qxa5 {[%clk 0:05:31]} 47. Ne6 {[%clk 0:14:23]}  Kh7 {[%clk 0:06:00]} 48. Qd4 {[%clk 0:14:32]}  Nc6 {[%clk 0:00:36]} 49. Qd5 {[%clk 0:11:49]}  Kh8 {[%clk 0:00:57]} 50. Qd6 {[%clk 0:09:21]}  Kh7 {[%clk 0:00:45]} 51. e5 {[%clk 0:07:28]}  Nxe5 {[%clk 0:01:04]} 52. Qb8 {[%clk 0:07:30]}  h5 {[%clk 0:01:06]} 53. Nf8+ {[%clk 0:05:22]}  Rxf8 {[%clk 0:01:06]} 54. Qxf8 {[%clk 0:05:46]}  Qc7 {[%clk 0:01:33]} 55. Qd6 {[%clk 0:03:40]}  Qf7 {[%clk 0:02:01]} 56. Qd1 {[%clk 0:03:27]}  a5 {[%clk 0:01:27]} 57. Ra3 {[%clk 0:03:09]}  Nc4 {[%clk 0:01:22]} 58. Rc3 {[%clk 0:02:53]}  Ne5 {[%clk 0:01:04]} 59. Kh1 {[%clk 0:03:12]}  Kh6 {[%clk 0:00:59]} 60. Ra3 {[%clk 0:03:12]}  Nc6 {[%clk 0:00:40]} 61. Ra4 {[%clk 0:03:18]}  Qe8 {[%clk 0:00:39]} 62. Rh4 {[%clk 0:03:18]}  Nb4 {[%clk 0:00:44]} 63. Qd2+ {[%clk 0:01:28]}  Kh7 {[%clk 0:01:13]} 64. Qd4 {[%clk 0:01:42]}  Nd3 {[%clk 0:00:57]} 65. Kh2 {[%clk 0:01:37]}  Qe2 {[%clk 0:00:45]} 66. Qd5 {[%clk 0:00:50]}  Ne5 {[%clk 0:00:47]} 67. Qxb7 {[%clk 0:00:52]}  a4 {[%clk 0:00:39]} 68. Qe4 {[%clk 0:01:02]}  Qf2 {[%clk 0:00:38]} 69. Rxh5+ {[%clk 0:01:10]}  Kg8 {[%clk 0:01:07]} 70. Qd5+ {[%clk 0:01:23]}  Kf8 {[%clk 0:01:33]} 71. Rh8+ {[%clk 0:01:47]} 1-0

[Event "45th FIDE Chess Olympiad Open"]
[Site "Budapest, Hungary"]
[Date "2024.09.20"]
[Round "9"]
[White "Blomqvist, Erik"]
[Black "Nikolovski, Nikola"]
[Result "1/2-1/2"]
[Board "90"]
[WhiteFideId "1709437"]
[BlackFideId "15002314"]
[WhiteTitle "GM"]
[BlackTitle "IM"]
[WhiteElo "2491"]
[BlackElo "2388"]
[WhiteTeam "Sweden"]
[BlackTeam "North Macedonia"]
[WhiteClock "0:16:31"]
[BlackClock "0:23:54"]
[Variant "Standard"]

1. e4 {[%clk 1:30:51]}  d5 {[%clk 1:29:15]} 2. exd5 {[%clk 1:31:12]}  Qxd5 {[%clk 1:29:37]} 3. Nc3 {[%clk 1:30:45]}  Qa5 {[%clk 1:29:43]} 4. d4 {[%clk 1:30:20]}  Nf6 {[%clk 1:29:26]} 5. Nf3 {[%clk 1:30:28]}  Bg4 {[%clk 1:29:21]} 6. h3 {[%clk 1:29:38]}  Bh5 {[%clk 1:27:52]} 7. g4 {[%clk 1:22:03]}  Bg6 {[%clk 1:28:14]} 8. Ne5 {[%clk 1:22:23]}  e6 {[%clk 1:28:29]} 9. h4 {[%clk 1:14:22]}  Bb4 {[%clk 1:25:51]} 10. Bd2 {[%clk 1:08:10]}  Nbd7 {[%clk 1:25:42]} 11. Nxd7 {[%clk 0:58:32]}  Kxd7 {[%clk 1:14:50]} 12. h5 {[%clk 0:57:10]}  Be4 {[%clk 1:12:15]} 13. Rh3 {[%clk 0:53:52]}  Bc6 {[%clk 1:02:58]} 14. a3 {[%clk 0:45:12]}  Bxc3 {[%clk 0:58:22]} 15. Rxc3 {[%clk 0:41:47]}  Ne4 {[%clk 0:54:57]} 16. Rc5 {[%clk 0:34:37]}  Qxd2+ {[%clk 0:43:49]} 17. Qxd2 {[%clk 0:35:02]}  Nxd2 {[%clk 0:44:13]} 18. Kxd2 {[%clk 0:35:28]}  Bf3 {[%clk 0:38:12]} 19. Bh3 {[%clk 0:35:08]}  h6 {[%clk 0:36:33]} 20. Rg1 {[%clk 0:31:37]}  Kd6 {[%clk 0:31:56]} 21. Bf1 {[%clk 0:25:44]}  f6 {[%clk 0:23:37]} 22. Rc3 {[%clk 0:23:25]}  Bd5 {[%clk 0:19:11]} 23. Re3 {[%clk 0:16:00]}  Rhe8 {[%clk 0:19:00]} 24. c4 {[%clk 0:14:19]}  Bc6 {[%clk 0:19:23]} 25. b4 {[%clk 0:10:47]}  b6 {[%clk 0:13:46]} 26. Bd3 {[%clk 0:10:35]}  a5 {[%clk 0:12:06]} 27. b5 {[%clk 0:10:01]}  Bd7 {[%clk 0:11:08]} 28. Rc1 {[%clk 0:09:56]}  c5 {[%clk 0:09:30]} 29. bxc6 {[%clk 0:10:19]}  Bxc6 {[%clk 0:09:55]} 30. f4 {[%clk 0:05:16]}  Rad8 {[%clk 0:03:40]} 31. Rce1 {[%clk 0:04:52]}  Bd7 {[%clk 0:01:29]} 32. Bg6 {[%clk 0:04:58]}  Re7 {[%clk 0:01:01]} 33. Rb3 {[%clk 0:03:45]}  Kc7 {[%clk 0:01:11]} 34. Reb1 {[%clk 0:01:11]}  b5 {[%clk 0:00:38]} 35. cxb5 {[%clk 0:01:23]}  e5 {[%clk 0:01:05]} 36. b6+ {[%clk 0:01:19]}  Kb8 {[%clk 0:01:31]} 37. fxe5 {[%clk 0:00:54]}  fxe5 {[%clk 0:01:55]} 38. Rd3 {[%clk 0:00:43]}  Bxg4 {[%clk 0:01:18]} 39. Re1 {[%clk 0:00:38]}  Red7 {[%clk 0:00:41]} 40. Rxe5 {[%clk 0:00:52]}  Rxd4 {[%clk 0:00:40]} 41. Rxa5 {[%clk 0:16:32]}  Rxd3+ {[%clk 0:26:43]} 42. Bxd3 {[%clk 0:16:56]}  Kb7 {[%clk 0:26:15]} 43. Rb5 {[%clk 0:16:28]}  Rd6 {[%clk 0:23:54]} 44. Ke3 {[%clk 0:15:10]}  Rxb6 {[%clk 0:23:41]} 45. Rxb6+ {[%clk 0:15:20]}  Kxb6 {[%clk 0:24:06]} 46. Bg6 {[%clk 0:15:25]}  Ka5 {[%clk 0:23:49]} 47. Kf4 {[%clk 0:15:43]}  Bxh5 {[%clk 0:23:29]} 48. Bxh5 {[%clk 0:16:08]}  Ka4 {[%clk 0:23:54]} 49. Kf5 {[%clk 0:16:31]} 1/2-1/2

[Event "45th FIDE Chess Olympiad Open"]
[Site "Budapest, Hungary"]
[Date "2024.09.20"]
[Round "9"]
[White "Risteski, Emil"]
[Black "Hillarp Persson, Tiger"]
[Result "0-1"]
[Board "91"]
[WhiteFideId "15005267"]
[BlackFideId "1700812"]
[WhiteTitle "IM"]
[BlackTitle "GM"]
[WhiteElo "2367"]
[BlackElo "2457"]
[WhiteTeam "North Macedonia"]
[BlackTeam "Sweden"]
[WhiteClock "0:13:47"]
[BlackClock "0:01:10"]
[Variant "Standard"]

1. e4 {[%clk 1:30:44]}  c5 {[%clk 1:30:53]} 2. Nf3 {[%clk 1:31:08]}  d6 {[%clk 1:31:17]} 3. d4 {[%clk 1:31:34]}  cxd4 {[%clk 1:31:40]} 4. Nxd4 {[%clk 1:32:01]}  Nf6 {[%clk 1:32:03]} 5. Nc3 {[%clk 1:32:27]}  a6 {[%clk 1:32:27]} 6. h3 {[%clk 1:32:53]}  e5 {[%clk 1:32:50]} 7. Nf3 {[%clk 1:33:19]}  Be7 {[%clk 1:24:39]} 8. g4 {[%clk 1:33:38]}  Be6 {[%clk 1:24:18]} 9. g5 {[%clk 1:33:45]}  Nfd7 {[%clk 1:24:40]} 10. Be3 {[%clk 1:33:41]}  Nb6 {[%clk 1:23:11]} 11. Qd2 {[%clk 1:33:26]}  N8d7 {[%clk 1:22:02]} 12. h4 {[%clk 1:28:31]}  Rc8 {[%clk 1:15:43]} 13. h5 {[%clk 1:08:59]}  Qc7 {[%clk 0:46:04]} 14. Nh4 {[%clk 0:58:43]}  g6 {[%clk 0:42:26]} 15. O-O-O {[%clk 0:58:41]}  Rg8 {[%clk 0:33:01]} 16. Kb1 {[%clk 0:50:39]}  Nc4 {[%clk 0:33:05]} 17. Bxc4 {[%clk 0:50:38]}  Qxc4 {[%clk 0:33:31]} 18. f3 {[%clk 0:47:55]}  b5 {[%clk 0:30:05]} 19. Ng2 {[%clk 0:45:43]}  b4 {[%clk 0:29:41]} 20. Nd5 {[%clk 0:46:00]}  Bxd5 {[%clk 0:29:56]} 21. exd5 {[%clk 0:45:39]}  a5 {[%clk 0:28:21]} 22. hxg6 {[%clk 0:45:16]}  hxg6 {[%clk 0:28:41]} 23. Rh4 {[%clk 0:33:05]}  Qb5 {[%clk 0:29:04]} 24. f4 {[%clk 0:33:26]}  Kd8 {[%clk 0:10:38]} 25. Rh7 {[%clk 0:29:00]}  Rf8 {[%clk 0:10:37]} 26. Nh4 {[%clk 0:28:27]}  exf4 {[%clk 0:03:31]} 27. Bxf4 {[%clk 0:28:50]}  Nb6 {[%clk 0:03:31]} 28. b3 {[%clk 0:20:44]}  Rc5 {[%clk 0:03:55]} 29. a4 {[%clk 0:18:26]}  bxa3 {[%clk 0:04:00]} 30. Be3 {[%clk 0:18:55]}  Nc4 {[%clk 0:03:21]} 31. Qd3 {[%clk 0:17:48]}  Nxe3 {[%clk 0:01:06]} 32. Qxe3 {[%clk 0:18:16]}  Rxd5 {[%clk 0:00:55]} 33. Rh1 {[%clk 0:15:27]}  Qc5 {[%clk 0:00:43]} 34. Qf3 {[%clk 0:14:19]}  Qd4 {[%clk 0:00:48]} 35. c3 {[%clk 0:13:47]}  Qd2 {[%clk 0:01:10]} 0-1

[Event "45th FIDE Chess Olympiad Open"]
[Site "Budapest, Hungary"]
[Date "2024.09.20"]
[Round "9"]
[White "Pantzar, Milton"]
[Black "Zlatkov, Anton"]
[Result "1-0"]
[Board "92"]
[WhiteFideId "1721003"]
[BlackFideId "15005402"]
[WhiteTitle "IM"]
[BlackTitle "FM"]
[WhiteElo "2437"]
[BlackElo "2346"]
[WhiteTeam "Sweden"]
[BlackTeam "North Macedonia"]
[WhiteClock "0:01:06"]
[BlackClock "0:00:31"]
[Variant "Standard"]

1. d4 {[%clk 1:30:57]}  Nf6 {[%clk 1:30:55]} 2. c4 {[%clk 1:31:21]}  e6 {[%clk 1:31:16]} 3. Nc3 {[%clk 1:31:43]}  Bb4 {[%clk 1:31:40]} 4. e3 {[%clk 1:32:05]}  O-O {[%clk 1:32:02]} 5. Bd3 {[%clk 1:32:29]}  d5 {[%clk 1:32:16]} 6. cxd5 {[%clk 1:32:42]}  exd5 {[%clk 1:32:41]} 7. Nge2 {[%clk 1:33:01]}  Bd6 {[%clk 1:30:56]} 8. O-O {[%clk 1:30:54]}  Re8 {[%clk 1:30:26]} 9. Qc2 {[%clk 1:30:37]}  a6 {[%clk 1:26:05]} 10. a3 {[%clk 1:29:37]}  Nbd7 {[%clk 1:16:45]} 11. b4 {[%clk 1:28:03]}  b6 {[%clk 0:58:24]} 12. Nf4 {[%clk 1:21:55]}  Bxf4 {[%clk 0:49:39]} 13. exf4 {[%clk 1:21:59]}  c5 {[%clk 0:48:09]} 14. dxc5 {[%clk 1:09:13]}  bxc5 {[%clk 0:48:30]} 15. Rd1 {[%clk 1:09:05]}  Bb7 {[%clk 0:39:02]} 16. Bb2 {[%clk 0:50:14]}  cxb4 {[%clk 0:34:36]} 17. axb4 {[%clk 0:49:21]}  Qb6 {[%clk 0:34:47]} 18. Na4 {[%clk 0:39:53]}  Qd6 {[%clk 0:22:20]} 19. Nc5 {[%clk 0:32:15]}  Nxc5 {[%clk 0:20:42]} 20. Be5 {[%clk 0:30:15]}  Qc6 {[%clk 0:16:06]} 21. bxc5 {[%clk 0:28:39]}  Ne4 {[%clk 0:11:50]} 22. Bxe4 {[%clk 0:16:51]}  dxe4 {[%clk 0:12:19]} 23. Rd6 {[%clk 0:17:10]}  Qc7 {[%clk 0:12:15]} 24. Rb6 {[%clk 0:07:15]}  Qe7 {[%clk 0:12:16]} 25. Qb2 {[%clk 0:06:01]}  Bd5 {[%clk 0:10:13]} 26. Bxg7 {[%clk 0:05:57]}  e3 {[%clk 0:10:02]} 27. Bd4 {[%clk 0:05:05]}  e2 {[%clk 0:08:15]} 28. Re1 {[%clk 0:04:36]}  Qe4 {[%clk 0:08:20]} 29. f3 {[%clk 0:04:55]}  Qxf4 {[%clk 0:08:03]} 30. Rd6 {[%clk 0:02:23]}  Rab8 {[%clk 0:04:45]} 31. Rxe2 {[%clk 0:02:03]}  Bc4 {[%clk 0:02:26]} 32. Rxe8+ {[%clk 0:00:56]}  Rxe8 {[%clk 0:02:50]} 33. Bf2 {[%clk 0:01:11]}  Bb5 {[%clk 0:00:46]} 34. Rd4 {[%clk 0:01:09]}  Qe5 {[%clk 0:00:36]} 35. Rg4+ {[%clk 0:00:39]}  Kf8 {[%clk 0:01:01]} 36. Qc1 {[%clk 0:00:42]}  Re6 {[%clk 0:01:07]} 37. h3 {[%clk 0:00:57]}  Qe2 {[%clk 0:00:47]} 38. c6 {[%clk 0:00:59]}  h5 {[%clk 0:00:31]} 39. Bc5+ {[%clk 0:01:06]} 1-0

[Event "45th FIDE Chess Olympiad Open"]
[Site "Budapest, Hungary"]
[Date "2024.09.20"]
[Round "9"]
[White "Chinguun, Sumiya"]
[Black "Makhnev, Denis"]
[Result "1-0"]
[Board "93"]
[WhiteFideId "4902572"]
[BlackFideId "13707647"]
[WhiteTitle "FM"]
[BlackTitle "GM"]
[WhiteElo "2389"]
[BlackElo "2551"]
[WhiteTeam "Mongolia"]
[BlackTeam "Kazakhstan"]
[WhiteClock "0:25:19"]
[BlackClock "0:06:54"]
[Variant "Standard"]

1. e4 {[%clk 1:30:57]}  e5 {[%clk 1:30:52]} 2. Nf3 {[%clk 1:31:23]}  Nc6 {[%clk 1:31:14]} 3. Bc4 {[%clk 1:31:48]}  Bc5 {[%clk 1:31:37]} 4. c3 {[%clk 1:32:13]}  Nf6 {[%clk 1:32:00]} 5. d3 {[%clk 1:32:39]}  a5 {[%clk 1:32:20]} 6. O-O {[%clk 1:33:00]}  d6 {[%clk 1:32:41]} 7. Re1 {[%clk 1:33:15]}  h6 {[%clk 1:32:45]} 8. h3 {[%clk 1:33:36]}  O-O {[%clk 1:33:03]} 9. d4 {[%clk 1:34:00]}  Ba7 {[%clk 1:30:21]} 10. Bb3 {[%clk 1:34:19]}  Re8 {[%clk 1:30:20]} 11. Bc2 {[%clk 1:34:45]}  Bd7 {[%clk 1:30:19]} 12. a4 {[%clk 1:27:17]}  exd4 {[%clk 1:30:37]} 13. cxd4 {[%clk 1:24:33]}  Nb4 {[%clk 1:30:56]} 14. Nc3 {[%clk 1:24:54]}  Nxc2 {[%clk 1:31:14]} 15. Qxc2 {[%clk 1:25:19]}  c6 {[%clk 1:17:28]} 16. Bd2 {[%clk 1:23:32]}  d5 {[%clk 1:09:12]} 17. e5 {[%clk 1:23:48]}  Ne4 {[%clk 1:09:18]} 18. Nxe4 {[%clk 1:24:11]}  Bf5 {[%clk 1:09:42]} 19. Bxa5 {[%clk 1:24:30]}  Qe7 {[%clk 0:57:01]} 20. Bb4 {[%clk 1:17:07]}  Qe6 {[%clk 0:52:54]} 21. Nf6+ {[%clk 1:14:52]}  gxf6 {[%clk 0:29:04]} 22. Qd2 {[%clk 1:11:11]}  Be4 {[%clk 0:29:26]} 23. Ra3 {[%clk 1:07:20]}  Kh7 {[%clk 0:29:23]} 24. Qf4 {[%clk 0:50:23]}  fxe5 {[%clk 0:25:45]} 25. dxe5 {[%clk 0:50:37]}  Rg8 {[%clk 0:22:39]} 26. Nh4 {[%clk 0:50:03]}  Rg5 {[%clk 0:20:33]} 27. Rxe4 {[%clk 0:36:47]}  dxe4 {[%clk 0:20:56]} 28. Qxe4+ {[%clk 0:36:25]}  Kg8 {[%clk 0:19:44]} 29. Bd6 {[%clk 0:34:55]}  Rd8 {[%clk 0:18:27]} 30. Rd3 {[%clk 0:33:47]}  Rxe5 {[%clk 0:12:22]} 31. Bxe5 {[%clk 0:31:40]}  Rxd3 {[%clk 0:12:48]} 32. Qxd3 {[%clk 0:30:44]}  Qxe5 {[%clk 0:13:14]} 33. Qd2 {[%clk 0:29:41]}  Qe4 {[%clk 0:10:43]} 34. g4 {[%clk 0:29:15]}  Qxa4 {[%clk 0:08:13]} 35. Nf5 {[%clk 0:29:33]}  Qb3 {[%clk 0:06:49]} 36. Qxh6 {[%clk 0:24:16]}  Qd1+ {[%clk 0:05:38]} 37. Kg2 {[%clk 0:24:10]}  Qd5+ {[%clk 0:06:01]} 38. f3 {[%clk 0:24:35]}  Qe5 {[%clk 0:06:27]} 39. Qg5+ {[%clk 0:24:54]}  Kh7 {[%clk 0:06:54]} 40. Qh5+ {[%clk 0:25:19]} 1-0

[Event "45th FIDE Chess Olympiad Open"]
[Site "Budapest, Hungary"]
[Date "2024.09.20"]
[Round "9"]
[White "Nogerbek, Kazybek"]
[Black "Baasansuren, Erdene"]
[Result "1-0"]
[Board "94"]
[WhiteFideId "13710427"]
[BlackFideId "4902084"]
[WhiteTitle "GM"]
[BlackTitle "FM"]
[WhiteElo "2519"]
[BlackElo "2368"]
[WhiteTeam "Kazakhstan"]
[BlackTeam "Mongolia"]
[WhiteClock "0:06:06"]
[BlackClock "0:00:50"]
[Variant "Standard"]

1. e4 {[%clk 1:29:28]}  c5 {[%clk 1:30:56]} 2. Nf3 {[%clk 1:29:36]}  d6 {[%clk 1:31:20]} 3. d4 {[%clk 1:29:00]}  cxd4 {[%clk 1:30:56]} 4. Nxd4 {[%clk 1:29:12]}  Nf6 {[%clk 1:31:19]} 5. Nc3 {[%clk 1:29:29]}  a6 {[%clk 1:31:43]} 6. Qd3 {[%clk 1:29:30]}  Nbd7 {[%clk 1:29:16]} 7. Be2 {[%clk 1:27:08]}  b5 {[%clk 1:29:31]} 8. Nd5 {[%clk 1:21:58]}  Bb7 {[%clk 1:27:50]} 9. a4 {[%clk 1:20:22]}  bxa4 {[%clk 1:00:50]} 10. Nxf6+ {[%clk 1:15:40]}  gxf6 {[%clk 0:49:16]} 11. Qe3 {[%clk 1:12:57]}  Nc5 {[%clk 0:48:31]} 12. f3 {[%clk 1:09:38]}  h5 {[%clk 0:42:18]} 13. Qf2 {[%clk 1:06:13]}  h4 {[%clk 0:40:11]} 14. O-O {[%clk 1:00:50]}  e6 {[%clk 0:37:03]} 15. Rd1 {[%clk 0:53:10]}  h3 {[%clk 0:33:53]} 16. g3 {[%clk 0:49:35]}  Bh6 {[%clk 0:19:22]} 17. Bxh6 {[%clk 0:44:10]}  Rxh6 {[%clk 0:19:47]} 18. Ra3 {[%clk 0:39:21]}  Rc8 {[%clk 0:13:51]} 19. b4 {[%clk 0:35:39]}  axb3 {[%clk 0:13:54]} 20. Nxb3 {[%clk 0:36:00]}  Rh5 {[%clk 0:13:48]} 21. Nd2 {[%clk 0:23:07]}  d5 {[%clk 0:11:54]} 22. f4 {[%clk 0:21:37]}  Rh8 {[%clk 0:11:54]} 23. exd5 {[%clk 0:20:52]}  Bxd5 {[%clk 0:03:51]} 24. c4 {[%clk 0:09:20]}  Bg2 {[%clk 0:04:16]} 25. Nb3 {[%clk 0:07:35]}  Qc7 {[%clk 0:02:19]} 26. Nxc5 {[%clk 0:07:00]}  Qxc5 {[%clk 0:02:48]} 27. Qxc5 {[%clk 0:07:08]}  Rxc5 {[%clk 0:03:17]} 28. Rxa6 {[%clk 0:07:26]}  Rc7 {[%clk 0:03:02]} 29. Bf1 {[%clk 0:04:42]}  Ke7 {[%clk 0:02:18]} 30. Bxg2 {[%clk 0:04:48]}  hxg2 {[%clk 0:02:45]} 31. Rc1 {[%clk 0:04:39]}  Rd8 {[%clk 0:02:13]} 32. Rc2 {[%clk 0:03:37]}  Rc5 {[%clk 0:01:58]} 33. Kxg2 {[%clk 0:02:23]}  Kf8 {[%clk 0:02:04]} 34. Kf2 {[%clk 0:01:02]}  Rd4 {[%clk 0:02:02]} 35. Ra4 {[%clk 0:01:30]}  Kg7 {[%clk 0:00:35]} 36. Ke3 {[%clk 0:01:33]}  e5 {[%clk 0:00:45]} 37. Rb4 {[%clk 0:01:26]}  Kg6 {[%clk 0:00:33]} 38. Rb6 {[%clk 0:00:53]}  Kg7 {[%clk 0:00:34]} 39. fxe5 {[%clk 0:00:37]}  fxe5 {[%clk 0:01:02]} 40. Rb5 {[%clk 0:00:43]}  Rcxc4 {[%clk 0:00:34]} 41. Rxc4 {[%clk 0:01:00]}  Rxc4 {[%clk 0:00:56]} 42. Rxe5 {[%clk 0:01:22]}  Kg6 {[%clk 0:26:59]} 43. Re4 {[%clk 0:28:50]}  Rc2 {[%clk 0:22:44]} 44. h3 {[%clk 0:27:59]}  Rh2 {[%clk 0:20:31]} 45. h4 {[%clk 0:26:40]}  Rh1 {[%clk 0:15:24]} 46. Rg4+ {[%clk 0:26:44]}  Kf6 {[%clk 0:13:46]} 47. Rg8 {[%clk 0:25:24]}  Rf1 {[%clk 0:10:14]} 48. Ke2 {[%clk 0:17:47]}  Rf5 {[%clk 0:10:18]} 49. Rg4 {[%clk 0:17:29]}  Ra5 {[%clk 0:05:12]} 50. Kf3 {[%clk 0:17:02]}  Ra8 {[%clk 0:04:59]} 51. Rg5 {[%clk 0:16:43]}  Rb8 {[%clk 0:04:40]} 52. Kg4 {[%clk 0:16:33]}  Rb4+ {[%clk 0:03:20]} 53. Kh3 {[%clk 0:16:34]}  Rb8 {[%clk 0:03:46]} 54. Rg4 {[%clk 0:16:44]}  Rh8 {[%clk 0:03:52]} 55. Ra4 {[%clk 0:15:33]}  Rb8 {[%clk 0:03:52]} 56. Kg4 {[%clk 0:15:08]}  Kg6 {[%clk 0:02:37]} 57. Kf4 {[%clk 0:13:43]}  Rb1 {[%clk 0:02:38]} 58. g4 {[%clk 0:12:18]}  Rf1+ {[%clk 0:02:13]} 59. Kg3 {[%clk 0:12:20]}  Rg1+ {[%clk 0:02:41]} 60. Kf2 {[%clk 0:12:30]}  Rh1 {[%clk 0:01:38]} 61. Ra6+ {[%clk 0:12:15]}  f6 {[%clk 0:01:15]} 62. Kg3 {[%clk 0:12:34]}  Rg1+ {[%clk 0:01:32]} 63. Kf3 {[%clk 0:13:02]}  Rh1 {[%clk 0:00:58]} 64. h5+ {[%clk 0:12:54]}  Kg7 {[%clk 0:00:33]} 65. Ra7+ {[%clk 0:12:38]}  Kh6 {[%clk 0:01:00]} 66. Rf7 {[%clk 0:12:31]}  Rf1+ {[%clk 0:00:56]} 67. Ke3 {[%clk 0:12:24]}  Kg5 {[%clk 0:00:32]} 68. Rg7+ {[%clk 0:10:36]}  Kh6 {[%clk 0:00:32]} 69. Rg8 {[%clk 0:10:49]}  Kh7 {[%clk 0:00:32]} 70. Rg6 {[%clk 0:11:16]}  f5 {[%clk 0:00:34]} 71. g5 {[%clk 0:09:32]}  Rh1 {[%clk 0:00:33]} 72. Rh6+ {[%clk 0:09:25]}  Kg7 {[%clk 0:01:00]} 73. Kf4 {[%clk 0:09:19]}  Rf1+ {[%clk 0:01:20]} 74. Ke5 {[%clk 0:09:15]}  Re1+ {[%clk 0:00:39]} 75. Kxf5 {[%clk 0:09:22]}  Rf1+ {[%clk 0:01:05]} 76. Ke4 {[%clk 0:09:43]}  Rh1 {[%clk 0:00:32]} 77. Rg6+ {[%clk 0:08:17]}  Kh7 {[%clk 0:00:57]} 78. Kf5 {[%clk 0:08:08]}  Rf1+ {[%clk 0:00:32]} 79. Ke6 {[%clk 0:08:29]}  Ra1 {[%clk 0:00:32]} 80. Rf6 {[%clk 0:08:27]}  Rg1 {[%clk 0:00:35]} 81. Rf7+ {[%clk 0:07:59]}  Kg8 {[%clk 0:01:00]} 82. Rf5 {[%clk 0:06:20]}  Kg7 {[%clk 0:01:24]} 83. Ra5 {[%clk 0:05:36]}  Re1+ {[%clk 0:01:18]} 84. Kf5 {[%clk 0:05:51]}  Rf1+ {[%clk 0:01:31]} 85. Kg4 {[%clk 0:06:10]}  Rg1+ {[%clk 0:01:52]} 86. Kf3 {[%clk 0:06:30]}  Rf1+ {[%clk 0:00:33]} 87. Kg2 {[%clk 0:06:50]}  Rb1 {[%clk 0:00:41]} 88. Ra7+ {[%clk 0:05:56]}  Kg8 {[%clk 0:01:07]} 89. Ra3 {[%clk 0:04:31]}  Rb5 {[%clk 0:00:37]} 90. Rg3 {[%clk 0:04:57]}  Kg7 {[%clk 0:00:57]} 91. Kh3 {[%clk 0:05:21]}  Ra5 {[%clk 0:00:34]} 92. Kh4 {[%clk 0:04:34]}  Ra4+ {[%clk 0:00:33]} 93. Rg4 {[%clk 0:05:03]}  Ra1 {[%clk 0:00:33]} 94. Rf4 {[%clk 0:04:10]}  Rh1+ {[%clk 0:00:32]} 95. Kg4 {[%clk 0:04:39]}  Rg1+ {[%clk 0:00:33]} 96. Kf5 {[%clk 0:05:07]}  Rh1 {[%clk 0:00:33]} 97. h6+ {[%clk 0:04:17]}  Kh7 {[%clk 0:00:56]} 98. g6+ {[%clk 0:02:48]}  Kg8 {[%clk 0:00:32]} 99. Ra4 {[%clk 0:02:21]}  Rf1+ {[%clk 0:00:33]} 100. Ke4 {[%clk 0:02:09]}  Re1+ {[%clk 0:00:31]} 101. Kf3 {[%clk 0:02:29]}  Rf1+ {[%clk 0:00:33]} 102. Kg2 {[%clk 0:02:57]}  Rf8 {[%clk 0:00:48]} 103. Kg3 {[%clk 0:03:22]}  Rb8 {[%clk 0:00:50]} 104. Kg4 {[%clk 0:03:40]}  Rc8 {[%clk 0:00:56]} 105. Ra5 {[%clk 0:04:00]}  Rb8 {[%clk 0:00:49]} 106. Kg5 {[%clk 0:04:27]}  Kh8 {[%clk 0:00:35]} 107. Rf5 {[%clk 0:04:47]}  Kg8 {[%clk 0:00:43]} 108. h7+ {[%clk 0:05:11]}  Kg7 {[%clk 0:00:32]} 109. Rf7+ {[%clk 0:05:39]}  Kh8 {[%clk 0:00:50]} 110. Kh6 {[%clk 0:06:06]} 1-0